000 00714nam a22001577a 4500
003 OSt
005 20150918152728.0
008 150918b xxu||||| |||| 00| 0 eng d
040 _cRUA
082 _aAGR KIM 2006 B034 Or.1
100 _9779
_aKIM, CHANCHHAYA.
245 _aComparing of organic fertilizer on green mustard at crop station of royal university of agriculture ការប្រៀបធៀបជីសរីរាង្គលើដំណាំស្ពៃខៀវ នៅស្ថានីយ៏ពិសោធន៏ដំណាំ សាកលវិទ្យាល៏យភូមិន្ទកសិកម្ម
260 _aPhnom Penh
_bRUA
_c2006
300 _a52p.
_bill.
_c29cm.
942 _2ddc
_cAGR
999 _c745
_d745